Library Banner

Divan ilmi arastirmalar/ (Record no. 98519)

MARC details
000 -LEADER
fixed length control field 00316nam a22001337a 4500
005 - DATE AND TIME OF LATEST TRANSACTION
control field 20170926114017.0
008 - FIXED-LENGTH DATA ELEMENTS--GENERAL INFORMATION
fixed length control field 170926b xxu||||| |||| 00| 0 eng d
040 ## - CATALOGING SOURCE
Transcribing agency PK-LaUMT
082 ## - DEWEY DECIMAL CLASSIFICATION NUMBER
Classification number ZIAC 297.05
Item number DIV-
245 ## - TITLE STATEMENT
Title Divan ilmi arastirmalar/
260 ## - PUBLICATION, DISTRIBUTION, ETC. (IMPRINT)
Place of publication, distribution, etc Istanbul:
Name of publisher, distributor, etc [ ]
Date of publication, distribution, etc 1996
300 ## - PHYSICAL DESCRIPTION
Extent 190 p.
942 ## - ADDED ENTRY ELEMENTS (KOHA)
Koha item type Books
Holdings
Withdrawn status Lost status Damaged status Home library Current library Date acquired Full call number Barcode Date last seen Price effective from Koha item type
      UMT Main Campus UMT Main Campus 2017-09-26 ZIAC 297.05 DIV- 114381 2017-09-26 2017-09-26 Books